[Event "Corrado Bitti Memorial 5th"]
[Site "Laconi"]
[Date "2005.08.10"]
[Round "8"]
[White "Casti, Alessio"]
[Black "Figus, Maurizio"]
[Result "1-0"]
[WhiteElo "2108"]
[BlackElo "1877"]
[PlyCount "81"]
[EventDate "2005.08.06"]
[EventType "swiss"]
[EventRounds "9"]
[EventCountry "ITA"]
[SourceTitle "EXT 2007"]
[Source "ChessBase"]
[SourceDate "2006.11.23"]
[SourceVersion "1"]
[SourceVersionDate "2006.11.23"]
[SourceQuality "1"]

1. e4 c5 2. Nf3 Nc6 3. c3 Nf6 4. e5 Nd5 5. d4 cxd4 6. cxd4 d6 7. Bc4 Nb6 8. Bb5 dxe5 9. Nxe5 Bd7 10. Nxd7 Qxd7 11. Nc3 Rd8 12. 0-0 a6 13. Bxc6 bxc6 14. Qb3 Nd5 15. Bg5 h6 16. Bh4 g5 17. Bg3 Bg7 18. Rad1 0-0 19. Rfe1 Rfe8 20. Qa4 Qb7 21. Qc2 e6 22. Ne4 Nf4 23. h4 Qb5 24. hxg5 hxg5 25. a4 Qd5 26. Qc1 f5 27. Bxf4 gxf4 28. Nc3 Qd6 29. Ne2 e5 30. dxe5 Qxe5 31. Rxd8 Rxd8 32. Nxf4 Qxb2 33. Qc4+ Kh7 34. Qxc6 Qd2 35. Qg6+ Kg8 36. Re8+ Rxe8 37. Qxe8+ Kh7 38. Qg6+ Kg8 39. Ne6 Qd1+ 40. Kh2 Qa1 41. Qxg7+ 1-0

[Event "Corrado Bitti Memorial 5th"]
[Site "Laconi"]
[Date "2005.08.07"]
[Round "3"]
[White "Lommers, Frank"]
[Black "Casti, Alessio"]
[Result "1-0"]
[WhiteElo "2204"]
[BlackElo "2108"]
[PlyCount "59"]
[EventDate "2005.08.06"]
[EventType "swiss"]
[EventRounds "9"]
[EventCountry "ITA"]
[SourceTitle "EXT 2007"]
[Source "ChessBase"]
[SourceDate "2006.11.23"]
[SourceVersion "1"]
[SourceVersionDate "2006.11.23"]
[SourceQuality "1"]

1. d4 d5 2. Nf3 Nf6 3. c4 e6 4. Bg5 dxc4 5. Qa4+ Nbd7 6. e4 h6 7. Bxf6 Qxf6 8. Nbd2 c6 9. Qxc4 e5 10. d5 Bc5 11. Rc1 cxd5 12. exd5 Qb6 13. Qh4 0-0 14. Bc4 Nf6 15. 0-0 Re8 16. b4 Bd6 17. Rfe1 Bf5 18. Bb3 Qxb4 19. Rc4 Qa5 20. Ra4 Qc5 21. g4 Bd3 22. g5 hxg5 23. Qxg5 b5 24. Ra6 Nxd5 25. Ne4 Bxe4 26. Rxe4 Nf6 27. Qg6 Re7 28. Ng5 Rf8 29. Rh4 Re6 30. Nxf7 1-0

[Event "Cagliari op 3rd"]
[Site "Cagliari"]
[Date "2003.03.22"]
[Round "5"]
[White "Casti, Alessio"]
[Black "Atzeni, Franco"]
[Result "1/2-1/2"]
[WhiteElo "1924"]
[BlackElo "1909"]
[PlyCount "34"]
[EventDate "2003.03.08"]
[EventType "swiss"]
[EventRounds "7"]
[EventCountry "ITA"]
[SourceTitle "EXT 2024"]
[Source "ChessBase"]
[SourceDate "2023.10.10"]
[SourceVersion "1"]
[SourceVersionDate "2023.10.10"]
[SourceQuality "1"]

1. d4 d5 2. Nf3 Nf6 3. e3 e6 4. Bd3 Be7 5. 0-0 Nbd7 6. Nbd2 0-0 7. b3 b6 8. Bb2 Bb7 9. c4 Ne4 10. Rc1 c5 11. cxd5 exd5 12. Qe2 Rc8 13. Ba6 Bxa6 14. Qxa6 Nxd2 15. Nxd2 Bf6 16. Nf3 Rc7 17. Ba3 Qc8 1/2-1/2

[Event "Cagliari Bitti Memorial-B 1st"]
[Site "Cagliari"]
[Date "2001.03.18"]
[Round "3"]
[White "Casti, Alessio"]
[Black "Collu, Giuseppe"]
[Result "1-0"]
[WhiteElo "1675"]
[BlackElo "1503"]
[PlyCount "25"]
[EventDate "2001.03.17"]
[EventType "swiss"]
[EventRounds "7"]
[EventCountry "ITA"]
[SourceTitle "EXT 2023"]
[Source "ChessBase"]
[SourceDate "2022.10.05"]
[SourceVersion "1"]
[SourceVersionDate "2022.10.05"]
[SourceQuality "1"]

1. e4 e5 2. Nf3 Nc6 3. Bc4 Nf6 4. d4 Nxd4 5. Bxf7+ Kxf7 6. Nxe5+ Ke8 7. Qxd4 c5 8. Qd1 Nxe4 9. Qh5+ Ke7 10. Nc3 Nf6 11. Qf7+ Kd6 12. Bf4 Qe8 13. Nb5# 1-0